| 000 | 00654nam a2200205 a 4500 | ||
|---|---|---|---|
| 003 | CO-ViMGA | ||
| 005 | 20230915233128.0 | ||
| 008 | 130131s2012 sp a jr 00011 spa d | ||
| 020 | _a9788492608553 | ||
| 040 |
_aCO-ViMGA _bspa _cCO-ViMGA |
||
| 082 | 0 | 4 |
_aI028 _bW37p _219 |
| 100 | 1 |
_aWernicke, María, _d1958- _93133 |
|
| 245 | 1 | 3 |
_aEl poeta y el mar / _cMaría Wernicke. |
| 260 |
_aSevilla : _bKalandraka, _c2012. |
||
| 300 |
_a[33] p. : _bil. ; _c17 x 20 cm. |
||
| 650 | 1 | 4 |
_aLibros ilustrados para niños. _987 |
| 650 | 1 | 4 |
_aMar _x Libros ilustrados para niños. _93134 |
| 650 | 1 | 4 |
_aPoetas _x Libros ilustrados para niños. _93135 |
| 942 |
_2ddc _cBK |
||
| 999 |
_c7046 _d7046 |
||